000 00685cam a2200205 4500
001 ABS61526
008 000000n1999 000 0 eng u
035 _a(Sirsi) u102296
100 _aBenyon, L.
245 _aAccess al areas
260 _c1999
490 _aProperty Week
_v64(44) 12 November 1999, 40-41
520 _aLooks at the growing self-storage market, which is becoming increasingly attractive to investors. Discusses the main self-storage companies and assesses their property requirements.
590 _aABS
650 _aSELF-STORAGE
650 _aINVESTMENT MARKET
650 _aPROPERTY REQUIREMENTS
690 _aPROPERTY-COMMERCIAL PROPERTY
942 _n0
999 _c61323
_d61323